Guatemala 1990: elecciones generales durante la transición política /
Guardado en:
| Autor principal: | |
|---|---|
| Formato: | Texto |
| Etiquetas: |
Agregar Etiqueta
Sin Etiquetas, Sea el primero en etiquetar este registro!
|
MARC
| LEADER | 00000 a a2200000 04500 | ||
|---|---|---|---|
| 001 | 12727 | ||
| 003 | |||
| 040 | |||
| 100 | |a Rosada Granados, Héctor | ||
| 245 | |a Guatemala 1990: |b elecciones generales durante la transición política / |c Héctor Rosada Granados | ||
| 773 | |g número 12; páginas 38-59 | ||
| 999 | |c 30469 |d 30469 | ||
